| 000 | 00368nam a2200157Ia 4500 | ||
|---|---|---|---|
| 008 | 210719s9999 xx 000 0 und d | ||
| 041 | _aeng | ||
| 082 | _a915.6904 KINE | ||
| 100 | _aKINGLAKE (A W) | ||
| 245 | _aEothen. | ||
| 260 |
_aEdinburgh _bWilliam Blackwood and Sons |
||
| 300 |
_axxviii,370 _bHB |
||
| 365 | _cRs | ||
| 650 | _aTravel | ||
| 906 | _aHoly Hand | ||
| 999 |
_c214169 _d214169 |
||